<?xml version="1.0" encoding="UTF-8"?>
<marc:record xmlns:marc="http://www.loc.gov/MARC21/slim">
   <marc:leader>00000nam a2200000 a 4500</marc:leader>
   <marc:datafield ind1="1" ind2=" " tag="100">
      <marc:subfield code="a">Portisch, Hugo</marc:subfield>
      <marc:subfield code="4">aut</marc:subfield>
      <marc:subfield code="e">Verfasser/-in</marc:subfield>
   </marc:datafield>
   <marc:datafield ind1="0" ind2="0" tag="245">
      <marc:subfield code="a">Leben mit Trump</marc:subfield>
   </marc:datafield>
   <marc:datafield ind1="0" ind2="0" tag="245">
      <marc:subfield code="b">Ein Weckruf</marc:subfield>
   </marc:datafield>
   <marc:datafield ind1=" " ind2="1" tag="264">
      <marc:subfield code="b">Ecowin</marc:subfield>
      <marc:subfield code="c">2017</marc:subfield>
   </marc:datafield>
   <marc:datafield ind1="1" ind2=" " tag="520">
      <marc:subfield code="a">Wird sich das Gleichgewicht zwischen den Supermächten USA und Russland verlagern? Was passiert nun in den Krisen- und Kriegsregionen der Welt? Wie reagieren die Länder Europas auf die amerikanische Politik? Und was bedeutet das für jeden Einzelnen von uns? Hugo Portisch erklärt die unübersichtliche weltpolitische Lage und macht sich Gedanken zur neuen Weltordnung.</marc:subfield>
   </marc:datafield>
   <marc:datafield ind1=" " ind2=" " tag="020">
      <marc:subfield code="a">9783711001276</marc:subfield>
      <marc:subfield code="9">9783711001276</marc:subfield>
   </marc:datafield>
</marc:record>
